00614nam a2200205Ia 4500003000900000008004100009040001300050040001300063041000800076100002200084245003800106250001200144260001500156260000900171300000800180490000600188942000700194999001700201952019000218IT-RoPAU120407s9999 xx 000 0 und d aIT-RoPAU cIT-RoPAU aita aNicola Zingarelli aVocabolario della lingua italiana aBologna aZanichelli c1983 c cm v1 cBK c21537d21537 00102ddc4060_200000000000000_171aPAULUSbPAULUSd2012-04-11l0o0.20.1r2012-04-11 00:00:00w2012-04-11yBKzInserito da: LuigiG In data: 20 ottobre 2011 fondo: Fanella Progr:37255